| 000 | 00602nam a22001817a 4500 | ||
|---|---|---|---|
| 999 |
_c179844 _d179844 |
||
| 005 | 20210709170842.0 | ||
| 010 | _aENG-129536 | ||
| 020 |
_c1560.00 _a978-93-89137-72-9 |
||
| 035 | _aEN-113068 | ||
| 037 | _bDBAD/PUB | ||
| 082 | _a954.915 | ||
| 100 | _aSandhya Jain | ||
| 245 |
_aBalochistan :In the crosshairs of history/ _cby Sandhya Jain |
||
| 260 |
_aDaryaganj _bKW Publishers Pvt Ltd _c2021 |
||
| 270 |
_bNew Delhi _k+911123263498 _e110002 _a4676/21, First floor, Ansari road Daryaganj, New Delhi _mkw@kwpub.com |
||
| 300 |
_a332p; _c24cm(hbk) |
||
| 942 |
_2ddc _cEN _h954.915 _mJAI |
||